00667 2200181 4500001002100000005001500021035002000036008004100056245019200097100002300289260005100312300002400363020002200387084002300409082001200432650002700444990001400471INLIS00000000000007920260413042008 a0010-0317000077260413 0 1 aA Botanical Arrangement of All the Vegetables Naturally Growing in Great Britain : With Descriptions of the Genera and Species, According to the System of the Celebrated Linnaeus Volume 2 aWithering, William aCambridge :bCambridge University Press,c2015 a838 hlm. ;c21,5 cm a978-1-108-07588-6 a745.924 Wit b - II a745.924 aVEGETABLE ARRANGEMENTS a175216212